000
00272nam a2200097Ia 4500
001
642121
005
20250826153520.0
008
250824s9999 xx 000 0 und d
245
0
_a
PROFESÖR İYON İLE FEN 3 EN HAVALI YARIŞMA
_c
BİRSEN EKİM ÖZEN
260
_b
TİMAŞ ÇOCUK
999
_c
642121
_d
642121